1871 1124 1230 1520 1282 1884 1653 1940 1111 1962 1980 1123 1292 1909 1893 1827 1722 1050 1454 1175 1891 1874 1022 1999 1676 1789 1899 1487 1623 1194 1240 1280 1972 1915 1901 1160 1149 1334 1848 1304 1292 1179 1006 1383 1062 1146 1598 1265 1757 1995 1269 1448 1189 1589 1115 1559 1988 1600 1405 1624 1559 1770 1195 1726 1214 1609 1875 1902 1840 1099 1384 1364 1398 1365 1946 1269 1759 1662 1073 1906 1108 1771 1572 1046 1162 1368 1806 1919 1695 1005 1272 1146 1314 1985 1197 1676 1405 1288 1118 BCNSPRNW ULIB Ver.6.0+V

เปลี่ยนเป็นภาษาไทย

Change to English
 แสดงรายละเอียดบรรณานุกรม
  กลับหน้าหลัก

Brief Record : Get Marc (ISO 2709) : E-mail record : QR code < ปิดหน้าต่าง
LEADER : 00000nam 2200000uu 4500
001    13399113607
003     ULIB
008    111207s2553||||th 000 0 tha d
020    ^a9786165010030
090    ^aนว.^bช543ว 2553
100 0  ^aชิชา
245 00 ^aวานคุณนายเป็นสายลับ ตอน ภารกิจวัดใจ/^cชิชา
250    ^aพิมพ์ครั้งที่ 1
260    ^aกรุงเทพฯ :^bPrincess,^c2553
300    ^a344 หน้า
710 1  ^aPrincess
945    ^p230^l0^i16659
995    ^aทศพร
999 ^a ทศพร
รายการนี้ยังไม่มีแท็ก
คุณยังไม่ได้ล็อกอิน คุณสามารถมีกิจกรรมร่วมกับเว็บไซต์ได้ แต่ต้องล็อกอินก่อน ::
  ล็อกอิน

รายการสื่อสารสนเทศ

ลำดับที่ ประเภท เลขเรียก/บาร์โค้ด สถานที่ สถานะ
1. นวนิยาย
นวนิยาย
นว. ช543ว 2553 ฉ.1 
  Barcode: 16659
ห้องสมุดวิทยาเขตสวรรค์ประชารักษ์
►นวนิยาย
บนชั้น
  ขอยืม

BibComment


ยังไม่เคยถูกคอมเมนท์

คอมเมนท์ทรัพยากรรายการนี้
  คอมเมนท์: วานคุณนายเป็นสาย..


 Copyright 2026. Bcnsprnw @Library